| 000 | 00000nam##2200000za#4500 |
| 001 | 9.571667 |
| 003 | CaOODSP |
| 005 | 20211126112844 |
| 007 | cr ||||||||||| |
| 008 | 150406|1997||||xxc|||||o f|0| 0 eng|d |
| 022 | |a1701-9397 |
| 040 | |aCaOODSP|beng |
| 043 | |an-cn--- |
| 086 | 1 |aFB3-2/97-20E-PDF |
| 110 | 2 |aBank of Canada. |
| 245 | 12|aA measure of underlying inflation in the United States / |h[electronic resource]|cby Iris Claus. |
| 260 | |aOttawa - Ontario : |bBank of Canada |cSeptember 1997. |
| 300 | |a35p.|bgraphs, tables |
| 490 | 1 |aBank of Canada working paper|x1701-9397|v97-20 |
| 500 | |a"In this paper, a measure of underlying inflation in the United States is obtained using a structural vector autoregressive (SVAR) methodology."--Abstract. |
| 500 | |aThe ISBN (0-662-26341-3) and ISSN (1192-5434) for the print edition have been incorrectly copied in this electronic publication. |
| 504 | |aBibliography. |
| 520 | 3 |aIn this paper, a measure of underlying inflation in the United States is obtained using a structural vector autoregressive (SVAR) methodology.--Abstract |
| 546 | |aRésumé en français. |
| 590 | |a11-19-Supp|b2011-09-23 |
| 720 | 1 |aClaus, Iris |
| 776 | 0#|tA measure of underlying inflation in the United States / |w(CaOODSP)9.614181 |
| 830 | #0|aWorking paper (Bank of Canada)|x1701-9397|v97-20|w(CaOODSP)9.504604 |
| 856 | 40|ahttp://publications.gc.ca|qPDF|s331 KB|uhttps://publications.gc.ca/collections/Collection/FB3-2-97-20E.pdf|y97-20 |